00493nam a22001697a 450000500170000001000150001702000260003203500140005803700130007208200130008510000150009824500930011326000400020627000360024630000230028250000180030520200206131642.0 aENG-127662 a9789381574829c650.00 aEN-111194 bDBAD/PUB a509.5414 aBasu,Asoke aIndigenous Roots of Modern Science in colonial Bengal/bby Asoke Basu [and] Saibal Datta akolkatabThe Asiatic Society c2019 bkolkataa1, Park Streete700016 aix;294p.b23cm(hb) ainclude index